Guide to discursive organizational psychology (Record no. 1228322)
[ view plain ]
| 000 -LEADER | |
|---|---|
| fixed length control field | 00713nam a2200217Ia 4500 |
| 005 - DATE AND TIME OF LATEST TRANSACTION | |
| control field | 20241129110951.0 |
| 008 - FIXED-LENGTH DATA ELEMENTS--GENERAL INFORMATION | |
| fixed length control field | 241129s9999||||xx |||||||||||||| ||und|| |
| 020 ## - INTERNATIONAL STANDARD BOOK NUMBER | |
| International Standard Book Number | 978-1-78643-171-4 |
| 037 ## - SOURCE OF ACQUISITION | |
| Stock number | TB |
| 040 ## - CATALOGING SOURCE | |
| Original cataloging agency | CRL |
| Language of cataloging | eng |
| Transcribing agency | CRL |
| 041 ## - LANGUAGE CODE | |
| Language code of text/sound track or separate title | eng |
| Source of code | eng |
| 084 ## - COLON CLASSIFICATION NUMBER | |
| Classification number | SN1:(X:8) Q6 |
| Assigning agency | CRL |
| 100 ## - MAIN ENTRY--PERSONAL NAME | |
| Personal name | Steyaert Chris Ed.; Nentwich Julia Ed.; Hoyer Patrizia Ed. |
| 9 (RLIN) | 722992 |
| 245 #0 - TITLE STATEMENT | |
| Title | Guide to discursive organizational psychology |
| Statement of responsibility, etc. | Steyaert Chris Ed.; Nentwich Julia Ed.; Hoyer Patrizia Ed. |
| 260 ## - PUBLICATION, DISTRIBUTION, ETC. | |
| Place of publication, distribution, etc. | Cheltenham, UK |
| Name of publisher, distributor, etc. | Cheltenham Edward Elgar |
| Date of publication, distribution, etc. | 2016 |
| 300 ## - PHYSICAL DESCRIPTION | |
| Extent | xv,346p. |
| 365 ## - TRADE PRICE | |
| Price type code | UKP |
| Price amount | 34 |
| 650 ## - SUBJECT ADDED ENTRY--TOPICAL TERM | |
| Topical term or geographic name entry element | PsychologyBehaviourism |
| 942 ## - ADDED ENTRY ELEMENTS (KOHA) | |
| Koha item type | Textbook |
| Classification part | SN1:(X:8) Q6 |
| Withdrawn status | Lost status | Damaged status | Not for loan | Home library | Current library | Date acquired | Source of acquisition | Cost, normal purchase price | Inventory number | Total Checkouts | Full call number | Barcode | Date last seen | Price effective from | Koha item type |
|---|---|---|---|---|---|---|---|---|---|---|---|---|---|---|---|
| Central Library | Central Library | 2024-11-29 | Indica Publishers & Distributors Pvt. Ltd. | 34.00 | 2022-23/0689 & 27/12/2022 | SN1:(X:8) Q6 | CL1679118 | 2024-11-29 | 2024-11-29 | Textbook |
